| 000 | 00596nam a2200169 i 4500 | ||
|---|---|---|---|
| 001 | 61763 | ||
| 003 | ES-MaACL | ||
| 007 | t| | ||
| 008 | 031113s1953 sp ||||1| spa d | ||
| 245 | 0 | 0 |
_aFármacos _b: enciclopedia de medicamentos y especialidades / _ceditada por Francisco Benito Garín y Mª del Carmen González Laquidain. |
| 250 | _a1ª ed. | ||
| 260 |
_aSan Sebastián : _b[s.n., _c1953] ( _eZarauz : _fIcharopena) |
||
| 300 |
_a1122 p. ; _c25 cm. |
||
| 700 | 1 |
_aBenito Garín, Francisco. _927676 |
|
| 700 | 1 |
_aGonzález Laquidain, María del Carmen. _958741 |
|
| 852 |
_aES-MaACL _jE-3289 |
||
| 999 |
_c61763 _d61763 |
||